| Record ID | ia:molassesflood00lent |
| Source | Internet Archive |
| Download MARC XML | https://archive.org/download/molassesflood00lent/molassesflood00lent_marc.xml |
| Download MARC binary | https://www.archive.org/download/molassesflood00lent/molassesflood00lent_meta.mrc |
LEADER: 01997cam a22004338a 4500
001 2538740
005 20240708192509.0
008 980826s1992 mau j 000 1 eng
010 $a 92001125
020 $a0395453143
035 $a1051800
035 $a(OCoLC)1429322097
035 $a(OCoLC)25367915
040 $aDLC$cDLC$dDLC$dUtOrBLW
050 00 $aPZ7.L5415$bMo 1992
082 00 $a[E]$220
090 $aPZ7.L5415$bMo 1992
100 1 $aLent, Blair.
245 10 $aMolasses flood /$cstory and pictures by Blair Lent.
260 $aBoston :$bHoughton Mifflin,$c1992.
300 $a26p. ;$c24cm.
520 $aOne warm January day a molasses tank in front of Charley's house explodes and the molasses carries his house from the Boston waterfront through the town.
650 0 $aMolasses$vJuvenile fiction.
651 0 $aBoston (Mass.)$vJuvenile fiction.
907 $aLSN sent: 2538740$cunresolved$bOCN returned: 1429322097$xBibkey: BRL_1051011_1712771340906::bib::1892797
907 $aLSN sent: 2538740$cmatch, update OCLC number$bOCN returned: 25367915$xBibkey: BRL_1051011_1711385106992::bib::64723809
914 $a1051800
949 $a2$bBJP$cBJ
949 $a4$bBJP$cBJ
949 $a4$bBJR$cBRef
949 $a1$bBRLJO$cBNC
949 $a4$bBJE$cBJ
949 $aPSHBOLS$bPSNFpl$cS21
962 $aOCLC Reclamation 2024
962 $aOCLC Reclamation 2024
852 $aBPL- North End Branch Library$bLocal History - In Library Use Only$dCabinet$hPZ7$i.L5415Mo 1992$kJ REF$o31$p39999021456114$rIn$wBook$y1$1Mar 25 1996 $7False$90
852 $aBPL- Fields Corner Branch Library$bJuv. Picture Book$hPZ7$i.L5415 Mo 1992$kJ PICTURE$o24$p39999021456163$rIn$wBook$y1$1Aug 12 2021 $7True$90
852 $aBPL - Special Collections$bNonfiction - In Library Use Only$kHOUGHTON MIFFLIN$o9$p39999100198777$rIn$wBook$y1$7False$90
852 $aBPS- Boston Latin School$bJuv. Picture Book$dPaperback$hE$iLEN$o44$p32757000997210$rIn$wPaperback Book$y1$1Apr 26 2023 $7False$90